| 000 | 00440nam a22001457a 4500 | ||
|---|---|---|---|
| 005 | 20251015102653.0 | ||
| 008 | 251015b |||||||| |||| 00| 0 eng d | ||
| 040 |
_aNational Science Library _cNational Science Library |
||
| 080 |
_a349.2 _bP5 |
||
| 245 | _aGeneral conditions of contract for Central P.W.D Works | ||
| 260 |
_aNew Delhi: _bCentral Public Works Department, _c2005 |
||
| 300 | _a98p. | ||
| 650 | _aScience | ||
| 942 |
_2udc _cREP |
||
| 999 |
_c67850 _d67850 |
||